000 00705nam a2200217 a 4500
001 85005
003 BD-RjUL
005 20250618123143.0
008 250618s1994 bg ||||| |||| 00| 0 ben d
035 _a(BD-RjUL)85005
040 _aBD-RjUL
_beng
_cBD-RjUL
041 _aben
082 _223
_a891.441
_bSHA 1994
100 _aশাহ, রকীব
245 _aআত্ম-দর্শন /
_cকাজী সূফী আবদুর রকীব শাহ
260 _aঢাকা :
_bবনবীথি প্রকাশনী,
_c১৯৯৪
300 _a৭১ পৃ.;
_c২২ সেমি.
650 _aবাংলা কবিতা
650 _aBengali poetry
942 _2ddc
_cBK
999 _c85005
_d85005